000 004280000a22001690004500
003 MACL
005 20151227154134.0
008 151227b xxu||||| |||| 00| 0 eng d
040 _aMACL
_cMACL
041 _aEnglish
082 _a030/SHI
100 _aShipley, Joseph T
_923456
245 _aEncyclopaedia of Literature
260 _bPhilosophical Library
_c1946
650 _aEncyclopaedia
_923457
942 _cBK
_k030/SHI
_2ddc
999 _c39013
_d39013